Fr. Conceicao Rodrigues College of Engineering

Unix Training Guide (Record no. 25686)

MARC details
000 -LEADER
fixed length control field 00298nam a2200145Ia 4500
082 ## - DEWEY DECIMAL CLASSIFICATION NUMBER
Classification number 005.133'U'
Item number MOU
100 ## - MAIN ENTRY--PERSONAL NAME
Personal name Mould/ Clifford
245 ## - TITLE STATEMENT
Title Unix Training Guide
260 ## - PUBLICATION, DISTRIBUTION, ETC.
Name of publisher, distributor, etc. Wheeler and Co.
Date of publication, distribution, etc. 1991
300 ## - PHYSICAL DESCRIPTION
Extent 113
546 ## - LANGUAGE NOTE
Language note ENGLISH
654 ## - SUBJECT ADDED ENTRY--FACETED TOPICAL TERMS
Focus term unix
942 ## - ADDED ENTRY ELEMENTS (KOHA)
Koha item type BOOK
Holdings
Withdrawn status Lost status Damaged status Not for loan Collection Home library Current library Date acquired Total Checkouts Full call number Barcode Date last seen Price effective from Koha item type Date due Date last checked out
        CRC Fr. Agnel's C.Rodrigues College of Engineering Fr. Agnel's C.Rodrigues College of Engineering 17/03/2023   005.133'U' MOU 12354 17/03/2023 17/03/2023 BOOK    
        CRC Fr. Agnel's C.Rodrigues College of Engineering Fr. Agnel's C.Rodrigues- College of Engineering 17/03/2023 1 005.133'U' MOU 12355 05/06/2023 17/03/2023 BOOK 05/08/2011 05/06/2023